Sports Quiz

Random Sports or NFL Quiz
Score 0/23 Timer 06:00
0 Plays Today
Team(s) Answer % Correct
LACPhilip Rivers
100%
IND/DENPeyton Manning
98.3%
SEARussell Wilson
95.4%
NWETom Brady
95.2%
PITBen Roethlisberger
94.7%
GNB/MINBrett Favre
93.8%
INDAndrew Luck
93.4%
ARICarson Palmer
93.2%
NORDrew Brees
92.1%
CINAndy Dalton
90.4%
GNBAaron Rodgers
89.3%
MIADan Marino
85.9%
Team(s) Answer % Correct
KANPatrick Mahomes
83.3%
NYGEli Manning
78%
STLKurt Warner
77.2%
ATLMatt Ryan
75.2%
DETMatthew Stafford
73.2%
DALTony Romo
70.7%
LARJared Goff
66.7%
SFOSteve Young
63.9%
SDGDan Fouts
59.7%
CLEBrian Sipe
24.8%
DETScott Mitchell
22.8%
Remove Ads.
Support Sporcle.
Get the best of Sporcle when you Go Orange. This ad-free experience offers more features, more stats, and more fun while also helping to support Sporcle. Thank you for becoming a member.

You're not logged in!

Compare scores with friends on all Sporcle quizzes.
OR
Log In

Show Comments

Extras

Top Quizzes Today


Score Distribution

Your Account Isn't Verified!

In order to create a playlist on Sporcle, you need to verify the email address you used during registration. Go to your Sporcle Settings to finish the process.

Report this User

Report this user for behavior that violates our Community Guidelines.

Details: